000 00757cab a2200253 4500
001 WB3312-25
008 090401t1997 xxu||||| |||| 00| 0 eng d
035 _a(Sirsi) u77258
041 _aeng
245 _aOverhead cables impact
260 _c1997
350 _a0
490 _aWestern Morning News
_vWestcountry Homes, 15 March 1997, 6(1)
520 _aExamines the impact that overhead cables can have on property values, and the need for further guidance.
650 _aELECTROMAGNETIC FIELDS
650 _aGUIDANCE
650 _aHEALTH RISKS
650 _aOVERHEAD CABLES
650 _aPROPERTY VALUES
650 _aPYLONS
690 _aPROPERTY-RESIDENTIAL PROPERTY-RESIDENTIAL PROPERTY MARKET
942 _n0
948 _c20/03/1997
999 _c48572
_d48572